Be Mean - Sudden Death - Statistics

General Stats
  • This quiz has been taken 2,169 times
  • The average score is 7 of 18
Answers on the Grid
Answers color-coded by a green-red scale on the quiz's grid according to % correct below.
Acerbic
Acrid
Acrimonious
Amicable
Baleful
Bitter
Callous
Despicable
Fetid
Hostile
Invective
Loathsome
Malachite
Malapropist
Malevolent
Malicious
Malign
Obdurate
Placid
Poignant
Pungent
Putrid
Resentful
Steatopygic
Stringent
Unpleasant
Vengeful
Vicious
Vigorous
Vindictive
Vitriolic
Vituperative
 
Answer Stats
Answer % Correct
Bitter
68%
Hostile
63%
Despicable
59%
Malicious
57%
Loathsome
50%
Vicious
44%
Callous
43%
Malevolent
42%
Vengeful
40%
Unpleasant
39%
Resentful
37%
Vindictive
30%
Malign
22%
Acrimonious
21%
Vitriolic
17%
Baleful
14%
Invective
8%
Vituperative
3%
No matching quizzes found
Score Distribution
Percent of People with Each Score
Percentile by Number Answered
Your Score History
You have not taken this quiz